[Event "Dyfed Major 2019"]
[Site "?"]
[Date "2019.02.22"]
[Round "1"]
[White "Narayan-Taylor, Robert"]
[Black "Scott, Paul"]
[Result "0-1"]
[WhiteElo "1368"]
[BlackElo "1581"]
[Annotator "user,mesh"]
[PlyCount "79"]
[EventDate "2019.??.??"]

{[%evp 0,16,19,-13,11,-42,-20,-56,-53,-55,-30,-149,-149,-137,-137,-137,-133,
-155,-116] 276 games in the database, including Carlsen-Radjabov, Wld Ch blitz,
Astana 2012,1-0} 1. a4 g6 2. c3 Bg7 3. b4 d6 (3... a5 4. Ba3 d6 5. e4 e5 6. Nf3
Nf6 7. d3 Bd7 8. Nbd2 b5 9. axb5 axb4 10. Bxb4 Rxa1 11. Qxa1 Bxb5 12. c4 Bd7
13. Nb3 {Narayan-Taylor vs Scott, Dyfed Major 2017,1/2-1/2}) 4. g3 a5 5. Ba3 (
5. b5) 5... axb4 6. Bxb4 c5 7. Ba3 Bd7 8. Bb2 Bc6 $17 9. Nf3 Qd7 10. d3 Nh6 (
10... Rxa4) 11. Bg2 O-O 12. O-O Bxa4 13. Qd2 Na6 14. c4 Bxb2 15. Qxb2 Bc6 16.
Nc3 {its a kind of Benko Gamit reversed} Nb4 17. d4 b6 (17... Qc7) 18. d5 $11
Bb7 19. Ng5 (19. Rfb1) 19... Ba6 20. Bh3 Qd8 21. Qd2 (21. Na2 Nxa2 22. Qxa2 e5
$15 {Komodo12}) 21... Bxc4 $17 22. Ne6 fxe6 23. Qxh6 Kh8 (23... exd5 $19) 24.
Bxe6 $16 Nc2 25. Rxa8 Qxa8 26. Qh4 (26. Ne4 {Bl's K side is very weak& must
shed material to stay alive} Rg8 27. Bxg8 Qxg8 28. Qc1 Bxe2 29. Qxc2 Bxf1 30.
Qb2+ Qg7 31. Qxg7+ Kxg7 32. Kxf1 h6 33. Ke2 $16) 26... Nd4 27. Qxe7 Nxe6 (27...
Qd8 28. Qxd8 Rxd8 29. Ra1 Nxe2+ 30. Nxe2 Bxe2 31. f4 b5 $17 {Komodo12}) 28.
Qxe6 $11 (28. dxe6 $11) 28... Qd8 29. Qe4 (29. Ra1 {the R needs activity})
29... b5 $17 30. f4 Re8 31. Qf3 Qe7 $19 (31... b4 $19) 32. Re1 Qe3+ 33. Qxe3
Rxe3 34. Nd1 Rxe2 35. Rxe2 Bxe2 36. Nc3 Bc4 37. Ne4 Bxd5 38. Nxd6 b4 39. Kf1 b3
40. Nb5 0-1

[Event "Dyfed Major 2019"]
[Site "?"]
[Date "2019.02.22"]
[Round "1"]
[White "Brewer, Ben"]
[Black "Osinga, Awne"]
[Result "1-0"]
[WhiteElo "1555"]
[BlackElo "1350"]
[Annotator "kemen"]
[PlyCount "89"]
[EventDate "2019.??.??"]

{[%evp 0,89,20,17,18,27,26,4,14,20,20,26,22,-6,7,-11,-10,-8,-2,-3,0,8,0,19,12,
10,18,-29,26,19,-17,-78,-30,-25,73,72,73,70,92,79,118,50,70,74,89,89,98,98,111,
91,102,36,116,110,113,115,105,76,56,41,57,40,161,-24,-22,-38,10,7,8,-29,-75,
-60,-76,-82,-84,-75,-26,-83,145,171,171,171,984,1271,1888,1897,1785,1880,1824,
2012,29981,29982]} 1. Nf3 d5 2. d4 Nf6 3. g3 e6 4. Bg2 Bd6 5. O-O O-O 6. b3 (6.
c4 c6 {main}) 6... b6 7. Na3 $146 {the N is a little displaced here- on d2 or
c3 it supports Wh's main aim of playing for e4} (7. Bb2 Bb7 8. Nbd2 Nbd7 9. c4
{main}) 7... c6 8. c4 Bb7 9. Nc2 (9. Nd2 Qe7 10. Nc2 Nbd7 11. Bb2 Rad8 12. Re1
c5 $11 {Stockfish10}) 9... Nbd7 10. Bb2 Re8 11. Ne5 Rb8 12. Qd3 c5 13. e3 (13.
Nxd7 Nxd7 14. cxd5 exd5 15. Ne3 Nf6 16. dxc5 Bxc5 (16... bxc5 17. Bxf6 Qxf6 18.
Nxd5 $16) 17. Nf5 $16 {Stockfish10}) 13... Qc7 (13... dxc4 14. Nxc4 Bxg2 15.
Kxg2 Bf8 $11 {Stockfish10}) 14. Nxd7 Nxd7 15. Rac1 (15. cxd5 exd5 16. Na3 c4
17. bxc4 Bxa3 18. Qxa3 dxc4 19. d5 b5 20. Bc3 $14 {Stockfish10}) 15... dxc4 16.
bxc4 e5 (16... Bxg2 17. Kxg2 e5 $11 {Stockfish10}) 17. d5 $14 Nf6 18. e4 Qd7
19. f4 (19. Ne3 $18 {Stockfish10- the N prepares to soften up the K side} g6 (
19... Qd8 20. Nf5 Bc8 21. Nxd6 Qxd6 22. f4 Nd7 23. Bh3 $18) 20. f4 $18) 19...
Ba6 20. Na3 (20. Ne3 {is where the N belongs}) 20... b5 (20... h5 21. Rfe1 h4
22. Qf3 b5 $14 {Bl is fighting back before Wh can get a decisive K side attack
going}) 21. cxb5 Bxb5 22. Nxb5 Rxb5 23. Bc3 (23. Bxe5 {looks promising- to run
the centre pawns, but it seems Bl can just hold on} Bxe5 24. fxe5 Rxe5 25. a4
Rb8 26. Rxc5 Qxa4 27. Qc3 (27. Rfc1 h6 28. R5c4 Qa6 29. Qd4 Qb6 30. Rc8+ Kh7
31. Qxb6 Rxb6 32. R1c4 Rb1+ $11) 27... Ree8 28. Ra1 (28. e5 Rb3 $11) 28... Qb4
29. Qxb4 Rxb4 30. d6 Rd4 31. e5 Nd7 32. Bc6 Rxe5 33. Rcc1 Nf8 34. Rd1 Ne6 35.
Rxd4 Nxd4 36. Rxa7 g6 37. Ba4 $14 {Stockfish10}) 23... Re7 24. f5 Qb7 25. Rb1 (
25. Qc4 $16 {Stockfish10}) 25... Rxb1 (25... c4 26. Qc2 Ng4 $11 {Stockfish10-
the Bl pieces suddenly get some activity}) 26. Rxb1 Qc7 27. Qa6 $16 (27. Qb5
$16) 27... c4 28. Rb5 (28. h3 {keeps the N out, & prpares a haven for the K in
case of any backrank chs}) 28... Bc5+ 29. Kh1 h6 (29... Bb6 $14) 30. Qa4 (30.
a4) 30... Bd4 31. Bb4 (31. d6 Qxd6 32. Bb4 Qc7 33. Bxe7 c3 (33... Qxe7 34. Qxc4
$18) 34. Ba3 c2 35. Bc1 Qc3 36. Rb8+ Kh7 37. Qb4 Qd3 38. Qd2 Nxe4 39. Qxd3 Nf2+
40. Kg1 Nxd3+ 41. Kf1 Nxc1 42. Rc8 Nxa2 43. Rxc2 Nc3 44. Bc6 $14 {Stockfish10})
31... Re8 $19 (31... c3 $19) 32. Qc2 Rc8 (32... Qd7 33. Ra5 Rb8 34. a3 (34.
Qxc4 Ng4 $19) 34... Bb6 35. Ra6 Rc8 $19 {Wh's B on g2 is not fully operational;
}) 33. Bc3 Rb8 (33... Qd6 $19) (33... Bxc3 34. Qxc3 Ne8 $19 {the N will get to
d6 , where it radiates strength}) 34. Rxb8+ Qxb8 35. Bxd4 (35. Be1) 35... exd4
36. Qxc4 Qb1+ 37. Qf1 (37. Bf1 Qxe4+) 37... Qxa2 (37... Qxf1+ 38. Bxf1 Nxe4 $19
{the B is still obstructed by its own pawns}) 38. d6 Qa4 $2 {stops one pawn,
but encourages another} (38... Nd7 39. Qb5 Qa3 40. Bf1 Qxd6 $19 {Stockfish10})
39. e5 $18 Nd7 (39... Qd7 40. exf6 Qxd6 41. fxg7 d3 42. Bf3 d2 43. Bd1 Kxg7 44.
Kg2 $18 {eventually}) 40. e6 fxe6 41. fxe6 Nc5 (41... Nf6 42. d7 Qa5 43. e7)
42. Qf7+ (42. e7 Qe8 43. Bd5+) 42... Kh7 43. Qf5+ (43. e7) 43... Kh8 44. e7
Qd1+ 45. Bf1 1-0

[Event "Dyfed Major 2019"]
[Site "?"]
[Date "2019.02.22"]
[Round "1"]
[White "Jones, Hefin"]
[Black "Hammett, Scott"]
[Result "0-1"]
[WhiteElo "1348"]
[BlackElo "1540"]
[Annotator "kemen"]
[PlyCount "74"]
[EventDate "2019.??.??"]

{[%evp 0,74,18,28,12,13,33,-47,-10,-108,-5,-128,-106,-106,-125,-140,-121,-121,
-109,-140,-133,-119,-101,-102,-86,-62,-84,-70,-48,-34,-35,-62,-49,-49,-59,-253,
-273,-273,-283,-380,-399,-399,-400,-508,-517,-762,-693,-724,-709,-725,-682,
-720,-670,-717,-726,-737,-756,-820,-760,-983,-1084,-1084,-1294,-2169,-837,-897,
-1036,-1300,-1095,-1291,-1545,-1612,-1039,-1402,-1888,-2139,-2467]} 1. e4 e5 2.
Nc3 Bc5 3. Nd5 {unusual, not normally good to move one piece twice before
others have come into the game} (3. Bc4) (3. Nf3) 3... Nf6 (3... c6 {
Stockfish10} 4. Nc3 Nf6 5. Nf3 Ng4 6. d4 exd4 7. Nxd4 d6 {Wedel-Fermen,
DEN-FRA email 2015,1/2-1/2} (7... Nxf2 8. Kxf2 Qf6+ 9. Ke3 d5 10. Na4 Qg5+ 11.
Kf2 Qf6+ 12. Ke3 Qg5+ $11)) (3... Qh4 {3-0, despite} 4. Nf3 Ne7 (4... Qxf2#) 5.
Nxh4 O-O 6. Nxc7 Nbc6 7. Nxa8 Re8 {Cavalcante da Costa-Figueiredo, Ladario op
2015,and Bl resigned}) 4. Bc4 (4. Nxf6+ Qxf6 {0-2}) 4... c6 5. Nc3 (5. Nxf6+
Qxf6 6. Qf3 Qxf3 7. gxf3 O-O 8. d3 Rd8 9. Be3 Bxe3 10. fxe3 d5 11. O-O-O dxc4 {
Obreja-Mastacan, ROM ch U10 girls, Eforie Nord, 2001, 0-1}) 5... d5 $17 6. exd5
cxd5 7. Bb5+ Nc6 8. Nf3 Bg4 (8... O-O) (8... e4) 9. Be2 O-O (9... d4 10. Na4
Bd6 $19 {Stockfish10}) 10. d3 d4 (10... e4) 11. Ne4 Nxe4 12. dxe4 Qa5+ 13. Bd2
Bb4 (13... Qb6) 14. a3 Bxd2+ 15. Nxd2 Bxe2 16. Qxe2 Rac8 17. b4 $2 (17. O-O Nd8
18. Nf3 f6 $17 {Stockfish10}) 17... Nxb4 18. O-O Nxc2 19. Nb3 Qc3 20. Rab1 Nxa3
21. Rfc1 Qxb3 22. Ra1 (22. Rxb3 Rxc1+ 23. Qf1 Rxf1+ 24. Kxf1 Nc4 $19) 22... Rc3
(22... Rxc1+ 23. Rxc1 d3 $19 {Stockfish10}) 23. Qg4 Qb2 24. Rd1 Rfc8 25. h4 Rc1
(25... h6) 26. Raxc1 Rxc1 27. Kh2 g6 28. Rd3 Rc3 (28... Qxf2 29. Rxa3 h5 30.
Qh3 Qg1+ 31. Kg3 Qe1+ 32. Kh2 g5 33. hxg5 h4 {mating- Stockfish10}) 29. Rd1
Qxf2 30. h5 Nc2 31. h6 Qf4+ (31... Ne3 {mate in 9, Stockfish10}) 32. Qxf4 exf4
33. Rd2 b5 34. Kg1 b4 35. Kf2 a5 36. Rd1 a4 37. Rb1 a3 0-1

[Event "Dyfed Major 2019"]
[Site "?"]
[Date "2019.02.22"]
[Round "1"]
[White "Jones, Jonathan"]
[Black "Greenwood, Ray"]
[Result "1-0"]
[WhiteElo "1455"]
[BlackElo "1304"]
[Annotator "kemen"]
[PlyCount "53"]
[EventDate "2019.??.??"]

{[%evp 0,53,25,21,29,36,13,15,6,-12,60,46,30,30,39,39,47,38,46,55,56,56,56,68,
106,76,90,113,121,80,125,124,126,126,102,128,254,292,303,561,621,612,620,653,
645,647,666,650,804,847,29993,29994,29997,29998,29999,-30000]} 1. Nf3 Nc6 2. d4
d5 3. c4 e6 (3... Bg4 {Chigorin Defence}) 4. cxd5 (4. Nc3) 4... Qxd5 (4... exd5
) 5. Nc3 Bb4 6. a3 (6. Bd2 {main}) 6... Bxc3+ 7. bxc3 Nf6 8. e3 O-O 9. c4 Qd8
10. Bd3 (10. Bb2 b6 11. Bd3 Bb7 12. Qc2 Ne7 13. O-O-O Ng6 14. h4 {
Gunsberg-Chigorin, DSB Meister Kongress 1902,1-0}) 10... Ne7 (10... Re8) 11.
O-O Ng6 (11... b6 12. Bb2 Ng6 13. Qc2 Bb7 14. Rad1 Bxf3 15. gxf3 Nh4 16. Be2
Nh5 17. f4 {Barnekow-Berg, Brandenburg Seniors, Berlin 2006,1-0}) 12. Bb2 (12.
e4 e5 $14 {Komodo12}) 12... Re8 13. Qc2 b6 14. Rad1 $16 {Wh has more space &
pawn move options} Qd6 (14... Bb7 {logical after Bl's last move}) 15. c5 $18
bxc5 16. dxc5 Qe7 17. Ne5 Nh5 18. Be4 Ba6 19. Rd7 Qh4 20. Nf3 Qg4 21. h3 {
traps the Q} Qxe4 22. Qxe4 Bxf1 23. Kxf1 f5 24. Qd4 Nf6 (24... e5 25. Qd5+ Kh8
26. Ng5 $18) 25. Rxg7+ Kxg7 26. Qxf6+ Kh6 27. Qg5# 1-0

[Event "Dyfed Major 2019"]
[Site "?"]
[Date "2019.02.22"]
[Round "1"]
[White "Baron, Margaret"]
[Black "Nukalapati, Sarthak"]
[Result "0-1"]
[WhiteElo "850"]
[BlackElo "888"]
[Annotator "kemen"]
[PlyCount "40"]
[EventDate "2019.??.??"]

{[%evp 0,40,26,23,23,13,13,6,16,14,16,-23,5,-8,18,-27,-27,-24,-10,-282,-284,
-311,-293,-340,-237,-302,-409,-459,-437,-1648,-1708,-1820,-1859,-1859,-1863,
-29995,-1923,-2544,-2908,-29995,-29996,-29999,-30000]} 1. d4 d5 2. Nf3 Nf6 3.
e3 e6 4. c4 c5 5. dxc5 Bxc5 6. a3 Nc6 7. Nbd2 (7. b4 {main}) 7... a5 8. Bd3 e5
(8... O-O {main}) 9. b3 {not seeing the threat in Bl's last move} (9. cxd5 Nxd5
(9... Qxd5 10. Qc2 $11) 10. Nc4 O-O 11. O-O (11. Ncxe5 Nxe5 12. Nxe5 Qe7 13.
Nf3 Nf4 14. O-O Nxd3 15. Qxd3 b6 {and Bl has good attacing chances for the pawn
}) 11... Bg4 $11 {Komodo12}) 9... e4 $19 10. Bc2 exf3 11. Qxf3 Ne5 12. Qe2 d4
13. Qf1 {seeing the threat} (13. exd4 Bxd4 14. Ra2 O-O $19) 13... dxe3 14. Nb1
exf2+ 15. Qxf2 (15. Ke2 Bg4#) 15... Bxf2+ 16. Kxf2 Qd4+ 17. Be3 Qxa1 (17...
Neg4+ 18. Kf1 Qxe3 19. Nc3 Qf2#) 18. Bf4 Qd4+ 19. Be3 Neg4+ 20. Kf3 Qxe3# 0-1

[Event "Dyfed Major 2019"]
[Site "?"]
[Date "2019.02.22"]
[Round "1"]
[White "Bevan, Paul"]
[Black "Thacker, Steve"]
[Result "1-0"]
[WhiteElo "1300"]
[BlackElo "1430"]
[Annotator "kemen"]
[PlyCount "53"]
[EventDate "2019.??.??"]

{[%evp 0,53,19,25,62,17,15,-24,-12,-75,-78,-138,-84,-125,-98,-172,19,-81,-79,
-199,-135,-177,-39,-92,-35,-50,22,-33,-11,-68,-26,-40,-20,-11,63,63,60,-12,-40,
-80,129,-91,103,69,150,145,307,329,666,665,648,651,1121,1179,1200,1243]} 1. d4
c5 2. dxc5 e6 3. b4 {Wh should not be able to hang on to the c5 pawn} (3. Nc3)
(3. Nf3) 3... a5 4. Ba3 (4. c3 {most frequent} axb4 5. cxb4 Qf6 {losing a piece
} 6. Nc3 (6. Qc2 Qxa1 7. Nc3 {fails to trap the Q} Nc6 8. a3 (8. e3 Nxb4) 8...
Rxa3) 6... Qxc3+ 7. Bd2 Qa3 $19 {Suciu-Adoamnei, Ploiesti Conpet op 2010,0-1})
4... axb4 5. Bxb4 Na6 (5... Nc6 6. Bc3 (6. c3 Nf6 (6... b6 $17 {Stockfish10})
7. Nd2 Nd5 8. a3 Qf6 9. Ne4 Qe5 10. Qb1 f5 11. Nf3 Qc7 12. Ned2 Be7 $11 {
BeltranLangarita-Fernandez Miranda Lopez, Autonomica Seniors 2007,0-1}) 6...
Nf6 7. e3 Bxc5 $17 {Denecke-Von Rosenberg, DESC email 2004,1/2-1/2}) 6. Qd4
$146 (6. Bc3 Nxc5 7. e3 Nf6 8. Bb5 Be7 9. Nf3 O-O {Lohmueller-Wuerfel, Baden
Ch Seniors, Karlsruhe 2003,0-1}) (6. c3 b6 (6... Qf6 {Stockfish10}) 7. Na3 bxc5
8. Qa4 cxb4 9. cxb4 Bxb4+ $19 {Vazquez-Lenz, LSS No Engine Cup 2014,0-1}) 6...
Qc7 $19 (6... b6 $19) (6... Be7 $19) (6... Ne7 $19 {all Stockfish10}) 7. e4
Nxc5 (7... Nxb4 8. Qxb4 Bxc5 9. Qb2 Nf6 $19 {Bl is up on development & Wh has
lost control over the bl squares}) (7... e5 8. Qc4 Nxb4 9. Qxb4 Bxc5 10. Qb2
Nf6 $19 {both Stockfish10}) 8. Bxc5 Qxc5 (8... Bxc5 9. Qxg7 Qf4 $1 {
Stockfish10- a difficult move to see} 10. Kd1 (10. Bd3 Qxf2+ 11. Kd1 Qf6 $19) (
10. Nf3 Qc1+ 11. Ke2 b6 12. c4 Ba6 13. Nfd2 Bxc4+ 14. Nxc4 Qxc4+ 15. Kd2 Bd4
$19) (10. Qxh8 Qxf2+ 11. Kd1 Qxf1+ 12. Kd2 Qxg2+ 13. Ne2 Ra4 $1 (13... Qxh1 14.
Qxg8+ Bf8 $19) 14. Re1 Bd4 15. Qxh7 Nf6 16. Qh8+ Ke7 17. Kd1 (17. c3 Nxe4+ $19
{wins the Q}) 17... Bxa1 $19 {Stockfish10})) 9. Qb2 (9. Qxc5 Bxc5 $17) 9... Nf6
$19 (9... Qa5+ 10. c3 Nf6 $19 {Stockfish10}) 10. Bd3 d6 (10... Qg5 11. g3 Bc5
12. Nf3 Qh5 13. Nbd2 O-O $19 {Stockfish10}) (10... Ng4 11. c3 Ne5 12. Bb5 b6
13. a4 Bb7 $19 {Stockfish10}) 11. Nf3 Bd7 (11... Be7 $17) 12. Nbd2 b5 13. Nb3 (
13. O-O) 13... Qb6 14. Nbd4 b4 (14... d5 $17) 15. a3 (15. O-O) 15... d5 16. e5
Nh5 (16... Ne4 $11) 17. O-O $14 {Wh has got developed while Bl hasn't quite yet
} Be7 18. Qc1 (18. axb4 $18 {Stockfish10}) 18... bxa3 19. g4 Bc5 (19... g5 20.
gxh5 g4 21. Rb1 Qc5 22. Nb3 Qc7 23. Nfd4 Qxe5 24. Re1 Qxh5 $11 {Bl has
compensation for the piece}) 20. Nb3 (20. c3 $18) 20... Ra4 (20... Qb4 $1 $19 {
Stockfish10}) 21. gxh5 Rg4+ 22. Kh1 Bxf2 23. Qxa3 $18 Kd8 24. Qd6 (24. Qa8+ Bc8
25. Ra6 $18 {Stockfish10}) 24... Qxd6 25. exd6 Bb6 26. Ra8+ Bc8 27. Ne5 1-0

[Event "Dyfed Major 2019"]
[Site "?"]
[Date "2019.02.23"]
[Round "2"]
[White "Scott, Paul"]
[Black "Jones, Jonathan"]
[Result "1-0"]
[WhiteElo "1581"]
[BlackElo "1455"]
[Annotator "user,mesh"]
[PlyCount "57"]
[EventDate "2019.??.??"]

{[%evp 0,126,28,20,43,43,43,26,63,37,37,37,37,36,36,23,23,34,24,5,43,38,57,57,
74,67,58,35,110,66,126,56,59,-22,-7,-21,-36,-36,-36,-29,-29,-72,-20,-61,-53,
-63,-63,-67,-43,-43,-30,-146,-137,-179,-179,-179,-175,-146,-152,-252,-239,-182,
-156,-153,-148,-178,-177,-169,-169,-186,-201,-208,-204,-204,-204,-204,-198,
-221,-222,-244,-250,-249,-254,-291,-290,-336,-326,-334,-334,-349,-262,-337,
-343,-382,-402,-578,-621,-626,-904,-915,-876,-1271,-967,-1011,-1011,-1212,
-1241,-1271,-962,-1012,-1192,-1230,-989,-982,-1002,-1191,-528,-1234,-1427,
-1456,-1342,-1262,-1410,-962,-962,-1894,-2217,-29293,-29984]} 1. e4 b6 2. d4
Bb7 3. Bd3 e6 4. Be3 (4. Nf3 {main}) 4... Nf6 5. Nd2 Nc6 (5... c5 {main,
challenges the centre}) 6. c3 Be7 7. f4 (7. Ngf3 {2-0}) 7... d6 (7... O-O 8. h3
d6 9. Qc2 h6 {Shaw-Lobo, Gibraltar ch U12, 2006, 0-1}) (7... h5 8. Ngf3 Ng4 9.
Bg1 a5 10. Qe2 a4 {Udovichenko-Markosian, Doroshkevich mem 2010,1-0}) 8. h3 Qd7
9. Qe2 ({Stockfish10} 9. g4) 9... O-O 10. Ngf3 (10. g4 $18 {Stockfish10}) 10...
Ne8 11. O-O (11. O-O-O $18 {Stockfish10}) 11... a5 12. a4 (12. d5 $18) (12. e5
$18) 12... Qc8 13. Qf2 Nd8 14. Qg3 c5 {insufficient now as a challenge to the
Wh centre control} (14... f5 $16 {holds up wh's attack for a bit}) 15. e5 Nc7
16. Ne4 $18 (16. Nc4 Nd5 17. exd6 Bf6 18. Nfe5 g6 19. f5 $18 {Stockfish10}) (
16. exd6 Bxd6 17. Nc4 Ne8 18. Nxb6 Qc7 19. Nxa8 $18 {Stockfish10}) (16. f5 $18
{Stockfish10}) 16... Bxe4 17. Bxe4 d5 18. Bd3 f5 19. exf6 Bxf6 20. Ne5 (20. Ng5
$18) (20. dxc5 $18) 20... Bxe5 21. fxe5 {most of Bl's army is away on parade
on the Q side, while the K side collapses} Rf7 22. Rxf7 (22. Qh4) 22... Nxf7
23. Qh4 g6 24. Rf1 Qd8 25. Qg4 Qe7 26. Rf6 (26. Bxg6 $18 {Stockfish10} hxg6 27.
Qxg6+ Kf8 28. Bg5 Qd7 29. Qh7 cxd4 30. Qh8#) 26... Rf8 (26... Nh8 $5) 27. Bxg6
hxg6 28. Qxg6+ Kh8 29. Qh5+ 1-0

[Event "Dyfed Major 2019"]
[Site "?"]
[Date "2019.02.23"]
[Round "2"]
[White "Nukalapati, Sarthak"]
[Black "Brewer, Ben"]
[Result "0-1"]
[WhiteElo "888"]
[BlackElo "1555"]
[Annotator "user,mesh"]
[PlyCount "92"]
[EventDate "2019.??.??"]

{[%evp 0,92,80,4,93,91,148,91,145,52,64,64,99,61,75,35,48,24,53,21,21,21,-22,
-65,-52,-52,-11,-34,-29,-29,-44,-46,-72,-94,-88,-119,-126,-121,-121,-146,-143,
-159,-151,-174,-174,-184,-189,-194,-223,-235,-190,-228,-238,-240,-233,-239,
-251,-245,-239,-322,-255,-240,-264,-299,-189,-180,-195,-186,-178,-215,-257,
-284,-255,-282,-220,-322,-367,-437,-510,-445,-544,-528,-630,-753,-718,-722,
-568,-640,-664,-812,-934,-1387,-743,-29993,-29994]} 1. e4 g6 2. Nf3 Bg7 3. d4
d6 4. d5 {a little early} (4. Nc3 {main, is more flexible}) 4... Nf6 5. Nc3 O-O
6. Bd3 c6 7. Bg5 (7. O-O {also less commital}) 7... cxd5 8. exd5 Qa5 (8... Nbd7
9. O-O a6 10. Be2 b5 11. Qd4 Bb7 12. Ne4 Nxd5 {Drus-Kadonas, W Ch email 2011,
0-1}) (8... Na6 {Cloud Engines}) 9. O-O Nxd5 10. Nxd5 Qxd5 11. c3 (11. c4 Qc6
12. Qe2 Re8 $15 {Komodo12}) 11... Nc6 12. Re1 e6 13. Bc2 (13. Qe2 h6 14. Be4
Qa5 15. Bxc6 bxc6 16. Be7 Re8 17. Bxd6 $11 {Komodo12}) 13... Qxd1 14. Raxd1 d5
15. Bb3 b5 16. Re2 Bb7 17. Nd4 Nxd4 18. cxd4 Rfc8 19. Be3 $17 {(draw?)} a5 20.
a4 b4 $19 21. Ba2 Ba6 22. Red2 Rc6 23. b3 Rac8 24. g3 h5 25. h3 Rc2 26. Bb1
Rxd2 27. Bxd2 Bxd4 28. Kg2 Bf6 29. Be3 Kg7 30. Bb6 Bd8 31. Bd4+ f6 32. f4 Rc6
33. Re1 Bb6 34. Bb2 {(draw?) Wh is being hopeful} d4 35. Be4 Rd6 36. Rd1 e5 (
36... Be2 37. Rb1 d3) 37. Kf3 f5 38. Bb1 e4+ 39. Kg2 Kf7 40. Bc1 Be2 41. Re1
Bf3+ 42. Kf1 Rc6 43. Bd2 e3 44. Bc1 Rc3 45. Ba2 Rc2 46. Bb1 Rh2 0-1

[Event "Dyfed Major 2019"]
[Site "?"]
[Date "2019.02.23"]
[Round "2"]
[White "Hammett, Scott"]
[Black "Bevan, Paul"]
[Result "1-0"]
[WhiteElo "1540"]
[BlackElo "1300"]
[Annotator "kemen"]
[PlyCount "29"]
[EventDate "2019.??.??"]

{[%evp 0,87,25,23,19,-1,-18,-8,-18,-14,13,-104,-104,-87,-33,-37,-38,-36,-3,59,
-61,-61,-24,-42,-29,-37,-49,-104,-33,-91,-96,-124,-119,-119,-125,-139,-85,-83,
-73,-118,-43,-27,-30,-79,80,66,80,71,71,68,66,57,57,73,80,80,92,95,229,229,271,
302,318,78,78,37,78,80,270,-131,151,84,285,285,293,279,282,231,231,235,235,235,
235,236,236,236,276,282,732,732]} 1. f4 e5 {From Gambit?} 2. e4 {King's Gambit}
exf4 3. Nf3 g5 4. Bc4 g4 (4... Bg7 {is safer}) 5. O-O {the Muzio Gambit, a
19th century Favourite} gxf3 6. Qxf3 (6. Bxf7+ {is possible}) 6... Bd6 (6...
Qf6 {main}) (6... Bh6 7. d4 Qh4 8. Nc3 Nc6 9. Nd5 {Nakamura-Andreikin, Wld ch
blitz, Moscow 2010,1-0}) 7. d4 Nc6 (7... Ne7 8. Bxf7+ (8. Bxf4) 8... Kxf7 9.
Bxf4 Bxf4 10. Qxf4+ Kg8 11. Qf7# {Sakellaris-Keelan, TGT email ICCF 1998,1-0})
8. c3 (8. e5 {should win at once} Nxd4 9. Qxf4 Qe7 (9... Ne6 10. Qxf7# {
drasko-miguelmartins, chesscube.com,2015,1-0}) 10. exd6 {Stock-Radding, TGT
email ICCF 1998,1-0}) (8. Bxf4 Nxd4 9. Qh5 (9. Bxf7+) 9... Qe7 10. Bxd6 cxd6
11. Rxf7 {Blount-Dykes, Dayton OH 1981,1-0}) 8... Na5 {virtually forcing Wh to
make a winning 'sacrifice'} (8... Qf6 {survives} 9. e5 (9. Qe2 {may be better})
9... Bxe5 10. dxe5 Nxe5 11. Qe4 Ne7 12. Bxf4 Nxc4 13. Qxc4 Qb6+ 14. Kh1 d6 15.
Nd2 Be6 16. Qe2 O-O-O $15) 9. Bxf7+ Kxf7 10. e5 Ke8 (10... Nf6 11. Bxf4 Qg8 12.
Bg3 Qg6 13. Nd2 Nc6 14. Ne4 $18 {Stockfish10}) 11. Qh5+ Ke7 (11... Kf8 {
lasts a little bit longer as Bl can give up the Q to delay mate}) 12. Rxf4 (12.
exd6+ $1 cxd6 (12... Kxd6 13. Qe5+ Kc6 14. Qc5#) 13. Bxf4 d5 14. Qe5+ Kf7 15.
Bg5+ Nf6 16. Rxf6+ Qxf6 17. Qxf6+ Kg8 18. Bh6 d6 19. Qf8#) 12... Qe8 (12... Qf8
{lasts a bit longer}) 13. exd6+ (13. Qg5+ Ke6 14. exd6 Nc4 15. Nd2 Qg6 16. d5+
Kxd6 17. Nxc4+ Kc5 18. b4+ Kb5 19. a4+ Ka6 20. b5# {quickest-Stockfish10})
13... Kxd6 (13... Kd8 14. dxc7+ Kxc7 15. Qxe8 $18) 14. Qc5+ Ke6 15. Qe5# 1-0

[Event "Dyfed Major 2019"]
[Site "?"]
[Date "2019.02.23"]
[Round "2"]
[White "Thacker, Steve"]
[Black "Jones, Hefin"]
[Result "1-0"]
[WhiteElo "1430"]
[BlackElo "1348"]
[Annotator "kemen"]
[PlyCount "33"]
[EventDate "2019.??.??"]

{[%evp 0,33,28,30,56,19,25,36,33,8,97,123,118,75,117,99,195,89,121,141,136,68,
68,-132,-103,-103,-127,-96,-108,-238,-143,-272,-254,-257,29997,29998]} 1. Nc3
e5 2. e4 Nc6 3. Nf3 Bc5 4. Bc4 Qe7 {Stockfish10} (4... Nf6 {main}) 5. Nd5 {
a natural response, forcing the Q to retreat or take up an awkward position} (
5. d3 {most frequent}) 5... Qd6 6. d3 (6. c3 {sharpest line; Cloud Engines'5-1}
) 6... h6 7. Be3 $146 (7. O-O) (7. c3) (7. Nh4) (7. Qe2 {4-0}) 7... Bd4 (7...
Bxe3 8. fxe3 Nf6 9. O-O $16) 8. c3 (8. Nxd4 Nxd4 (8... exd4 9. Bf4 Ne5 10. Qh5
$18) 9. f4 $18 {Stockfish10}) 8... Bb6 9. b4 (9. d4 $18) 9... Nce7 (9... Bxe3)
10. Qb3 (10. Nxb6 axb6 11. d4 $18 {Stockfish10}) 10... Nxd5 11. Bxb6 $2 (11.
exd5 Qg6 12. O-O d6 $11 {Stockfish10}) 11... Nxb6 $19 12. Bxf7+ Kf8 13. Bxg8
Rxg8 14. Rd1 Qg6 (14... Qf6 15. d4 d6 $19 {Stockfish10}) 15. Nh4 Qg4 16. g3 Qh3
$2 (16... g5 $19) (16... d6 $19) 17. Ng6+ (17. Ng6+ Ke8 18. Qxg8#) 1-0